Villette
Enregistré dans:
| Auteur principal: | |
|---|---|
| Format: | Livre |
| Langue: | Undetermined |
| Publié: |
London
Penguin Books
1994
|
| Sujets: | |
| Tags: |
Ajouter un tag
Pas de tags, Soyez le premier à ajouter un tag!
|
| Thư viện lưu trữ: | Trung tâm Học liệu Trường Đại học Cần Thơ |
|---|
| LEADER | 00572nam a2200205Ia 4500 | ||
|---|---|---|---|
| 001 | CTU_141504 | ||
| 008 | 210402s9999 xx 000 0 und d | ||
| 082 | |a 843.8 | ||
| 082 | |b B869 | ||
| 100 | |a Brontë, Charlotte | ||
| 245 | 0 | |a Villette | |
| 245 | 0 | |c Charlotte Brontë | |
| 260 | |a London | ||
| 260 | |b Penguin Books | ||
| 260 | |c 1994 | ||
| 650 | |a British,Women teachers,Tiểu thuyết Anh,Giáo viên nữ | ||
| 650 | |x tiểu thuyết | ||
| 650 | |z Belgium | ||
| 904 | |i Hạ Nguyên | ||
| 980 | |a Trung tâm Học liệu Trường Đại học Cần Thơ | ||